| Поле | Название | Значение |
| |
Тип записи |
a |
| |
Библиографический уровень |
c |
| 001 |
Контрольный номер |
RU/ГПНТБ России/KNIGADB/81.432.1/Ф 66-154324181 |
| 005 |
Дата корректировки |
20230112125155.0 |
| 010 |
Индекс ISBN |
__ |
| a |
ISBN |
978-5-17-118846-7 |
| 9 |
Тираж |
3000 экз. |
| d |
Цена |
110-00 |
| 100 |
Данные общей обработки |
__ |
| a |
Данные общей обработки |
20221018d2020 ma y0rusy028902 ca |
| 101 |
Язык документа |
0_ |
| a |
Язык текста |
eng |
| c |
Язык оригинала |
eng |
| 102 |
Страна публикации |
__ |
| a |
Страна публикации |
RU |
| 105 |
Кодированные данные (монография) |
__ |
| a |
Кодированные данные (монография) |
y z 000ay |
| 181 |
Поле кодированных данных: вид содержания |
_0 |
| a |
Код вида содержания (ISBD) |
i |
| 182 |
Поле кодированных данных: тип средства |
_0 |
| a |
Код типа средства (ISBD) |
n |
| 200 |
Заглавие и сведения об ответственности |
1_ |
| a |
Заглавие |
Загадочная история Бенджамина Баттона |
| f |
Первые сведения об ответственности |
Ф. Скотт Фицджеральд |
| g |
Последующие сведения об ответственности |
адаптация текста комментарии и словарь О. Н. Прокофьевой |
| d |
Параллельное заглавие |
The curious case of Benjamin Button |
| z |
Язык параллельного заглавия |
eng |
| 203 |
Вид содержания и тип средства |
__ |
| a |
Вид содержания |
Текст |
| c |
Тип средства |
непосредственный |
| 210 |
Выходные данные |
1_ |
| a |
Место издания |
Москва |
| c |
Издательство |
Lingua |
| c |
Издательство |
АСТ |
| d |
Дата издания |
2020 |
| 215 |
Физическое описание |
__ |
| a |
Объем |
316, [2] с. |
| d |
Формат |
17 см |
| 225 |
Серия |
2_ |
| a |
Серия |
Карманное чтение на английском языке |
| i |
Наименование части |
Upper-Intermediate |
| e |
Сведения, относящиеся к заглавию серии |
КЧ |
| 300 |
Общие примечания |
__ |
| a |
Общие примечания |
На титульном листе также: "Ночь нежна". Адаптация текста Е. В. Глушенковой |
| 330 |
Аннотация |
__ |
| a |
Аннотация |
История американской и мировой литературы невозможна без упоминания имени Фрэнсиса Скотта Фицджеральда; его произведения признаны мировой классикой. В романах автора нашел свое отражение так называемый "век джаза" - период в истории Америки с момента окончания Первой мировой войны и до начала Великой депрессии 30-х годов. В данную книгу вошли три произведения Фицджеральда: "Загадочная история Бенджамина Баттона", "Хрустальная чаша" и роман "Ночь нежна". Текст произведений сокращен и незначительно адаптирован для уровня 4 (для продолжающих учить английский язык верхней ступени), снабжен комментариями и словарем. |
| 464 |
Аналитический уровень |
_0 |
| 1 |
|
2001 |
| a |
|
Хрустальная чаша |
| 464 |
Аналитический уровень |
_0 |
| 1 |
|
2001 |
| a |
|
Ночь нежна |
| 464 |
Аналитический уровень |
_0 |
| 1 |
|
2001 |
| a |
|
The Cut-class Bowl |
| 464 |
Аналитический уровень |
_0 |
| 1 |
|
2001 |
| a |
|
Tender is the Night |
| 606 |
Тематические рубрики |
__ |
| a |
Основная рубрика |
Языкознание |
| 2 |
Код системы |
nlr_sh |
| 606 |
Тематические рубрики |
__ |
| 2 |
Код системы |
nlr_sh |
| a |
Основная рубрика |
Германские языки |
| 610 |
Ключевые слова |
0_ |
| a |
Ключевые слова |
американская литература |
| 610 |
Ключевые слова |
0_ |
| a |
Ключевые слова |
зарубежная литература |
| 610 |
Ключевые слова |
0_ |
| a |
Ключевые слова |
иностранная литература |
| 610 |
Ключевые слова |
0_ |
| a |
Ключевые слова |
романы |
| 610 |
Ключевые слова |
0_ |
| a |
Ключевые слова |
тема любви |
| 610 |
Ключевые слова |
0_ |
| a |
Ключевые слова |
тема семьи |
| 610 |
Ключевые слова |
0_ |
| a |
Ключевые слова |
английский язык |
| 610 |
Ключевые слова |
0_ |
| a |
Ключевые слова |
адаптированные тексты |
| 686 |
Индексы других классификаций |
__ |
| 2 |
Код системы |
rubbks |
| a |
Классификационный индекс |
81.432.1я7-3 |
| 700 |
Автор |
_1 |
| a |
Фамилия |
Фицджеральд |
| b |
Имя |
Ф. С. |
| g |
Полное личное имя |
Фрэнсис Скотт |
| f |
Даты |
1896-1940 |
| 4 |
Код отношения |
070 |
| 702 |
Вторичная интеллектуальная ответственность |
_1 |
| a |
Фамилия |
Прокофьева |
| b |
Имя |
О. Н. |
| 4 |
Код отношения |
010 |
| 4 |
Код отношения |
212 |
| 702 |
Вторичная интеллектуальная ответственность |
_1 |
| a |
Фамилия |
Глушенкова |
| b |
Имя |
Е. В. |
| 4 |
Код отношения |
010 |
| 801 |
Источник записи |
_0 |
| b |
Организация |
ГПНТБ России |
| a |
Страна |
RU |
| c |
Дата составления |
20221018 |
| g |
Правила каталогизации |
PSBO |
| 801 |
Источник записи |
_1 |
| b |
Организация |
ГПНТБ России |
| a |
Страна |
RU |
| c |
Дата составления |
20221018 |
| g |
Правила каталогизации |
PSBO |
| 852 |
Данные о местонахождении |
5_ |
| j |
Шифр хранения |
81.432.1я7-3 |
| i |
Авторский знак |
Ф 66 |
| 900 |
Макрообъекты |
__ |
| a |
Макрообъекты |
Загадочная история Бенджамина Баттона. 2020 |
| 901 |
Тип документа |
__ |
| a |
Ответственный |
КиК/Лукашук |
| t |
Тип документа |
x |
| 903 |
Характеристики (МАРС) |
__ |
| a |
Дата передачи |
20221018 |
| c |
Наименование библиотеки (МАРС) |
Муниципальное бюджетное учреждение культуры "Централизованная библиотечная система" г. Сургут (Центральная городская библиотека им. А. С. Пушкина) |
| 969 |
Тип издания |
__ |
| a |
Тип издания |
книга для чтения |
| 990 |
Данные о заказе (DOS) |
__ |
| j |
Количество экземпляров (DOS) |
1 |
| t |
N записи в КСУ для И/У (DOS) |
202211 |